=LDR 00000nam 2200000 4500 =001 000232 =005 20250710115308 =035 ##$$a 0010-0725000051 =007 ta =008 250710################a##########0#ind## =020 ##$$a 978-623-307-428-5 =082 ##$$a PB 398.209 598 CHA s =084 ##$$a PB 398.209 598 CHA s MAD s =100 #$$a Madhav =245 1#$$a Senang dan sedih : $b (Serial beri tahu aku sekarang) /$c Madhav Chavan =250 ##$$a Cetakan kedua =260 ##$$a Rawamangun :$b Badan oengembangan dan pembinaan bahasa,$c 2022 =300 ##$$a 18 hlm : $b Ilus. ; $c 21 cm =650 #4$$a Cerita anak indonesia-terjemahan =650 #4$$a Literasi-bahan bacaan